| 000 | 00946nam a2200277 4500 | ||
|---|---|---|---|
| 001 | 0000016491 | ||
| 003 | CO-CtgCURN | ||
| 005 | 20250329191017.0 | ||
| 007 | ta | ||
| 008 | 160627s1991 000 0 eng d | ||
| 040 |
_aCO-CtgCURN _bspa _ccoctgcurn |
||
| 082 | 0 |
_a693.5 _bS43g |
|
| 100 | 1 | _aSimesa. | |
| 245 | 1 | 0 |
_aGuia para los ingenieros calculistas y constructores de estructuras de concreto / _cSimesa. |
| 250 | _a10a ed. | ||
| 260 |
_aBogoa : _bMaranatha Editores, _c1991. |
||
| 300 | _a151 p. | ||
| 336 | _2rdacontent | ||
| 337 |
_2rdamedia _asin mediacion _bn |
||
| 338 |
_2rdacarrier _avolumen _bnc |
||
| 505 | 8 | _aAceros de refuerzos.--Disposiciones sismicas.--Cargas.--Vigas.--Columnas.--Muros.--Malla electrosoldada.--DiseƱo de edificaciones de uno o dos pisos | |
| 650 | 1 | 4 | _aEstructuras. |
| 908 | _a160627 | ||
| 942 |
_cBK _h693.5 _iS43g _2ddc |
||
| 999 |
_c11035 _d11035 |
||